Top 10 Capitales más Occidentales en Asia - Estadísticas

Estadísticas generales
  • Esta prueba ha sido intentada 49 veces
  • La puntuación promedio es 7 de 10
Estadísticas de respuestas
Longitud Capital % Correcto
32°87'E Ankara
91%
35°52'E Beirut
81%
44°43'E Bagdad
79%
36°30'E Damasco
79%
35°22'E Jerusalén
79%
33°37'E Nicosia
70%
44°78'E Tiflis
70%
35°93'E Amán
67%
44°52'E Ereván
63%
44°20'E Saná
56%
No se encontraron pruebas coincidentes
Distribución de puntuación
Porcentaje de gente con cada puntuación
Porcentaje por número respondido
Historial de tus puntuaciones
No has intentado esta prueba.